[Event "28. Offene Internationale Bayerische Schachmeisterschaft"]
[Site "Gmund am Tegernsee"]
[Date "2025.11.04"]
[Round "4"]
[Board "13"]
[White "Jacobson, Aaron"]
[Black "Horvath, Dominik"]
[Result "1/2-1/2"]
[WhiteElo "2370"]
[BlackElo "2541"]
[PlyCount "0"]
[EventDate "2025.11.01"]
[EventRounds "9"]
[EventCountry "GER"]

1. e4 c5 2. Nf3 Nc6 3. Bb5 d6 4. O-O Bd7 5. Re1 a6 6. Bxc6 Bxc6 7. d4 cxd4 8. Nxd4
Rc8 9. c4 g6 10. Nc3 Bg7 11. h3 Nf6 12. Bg5 O-O 13. b3 h6 14. Bh4 e6 15. Qf3 g5 16.
Bg3 Nd7 17. Rad1 Ne5 18. Qe3 Qa5 19. h4 g4 20. Nce2 b5 21. cxb5 axb5 22. Nf4 b4 23.
Nh5 Nf3+ 24. Nxf3 Qxh5 25. Nd4 Bb7 26. Bxd6 Rfd8 27. Bxb4 Qe5 28. Ne2 Rxd1 29. Rxd1
Qxe4 30. Qxe4 Bxe4 31. Bc3 Bf8 32. Rd2 Bd5 33. Kf1 h5 34. Rd3 Bb7 35. Ke1 Bxg2 36.
Nf4 Be4 37. Re3 f5 38. Nxh5 Bh6 39. Rxe4 fxe4 40. Nf6+ Kf7 41. Nxe4 Kg6 42. a4 Bf8
43. Ke2 Rb8 44. Nd2 Bb4 45. Be5  1/2-1/2

[Event "28. Offene Internationale Bayerische Schachmeisterschaft"]
[Site "Gmund am Tegernsee"]
[Date "2025.11.04"]
[Round "4"]
[Board "14"]
[White "Nurman, Alua"]
[Black "Gopal, G.N."]
[Result "1/2-1/2"]
[WhiteElo "2344"]
[BlackElo "2539"]
[PlyCount "0"]
[EventDate "2025.11.01"]
[EventRounds "9"]
[EventCountry "GER"]

1. e4 c5 2. Nf3 d6 3. Bb5+ Nd7 4. O-O a6 5. Bd3 Ngf6 6. Re1 e6 7. Bf1 b6 8. d4 cxd4
9. Nxd4 Bb7 10. f3 Be7 11. c4 O-O 12. Nc3 Qc7 13. Qd2 Rfe8 14. f4 Rad8 15. Kh1 Bf8
16. Nb3 g6 17. Qc2 d5 18. cxd5 exd5 19. e5 d4 20. Nxd4 Nxe5 21. Ne4 Qe7 22. Nxf6+
Qxf6 23. fxe5 Rxe5 24. Be3 Rxe3 25. Rxe3 Rxd4 26. Qc3 Bc5 27. a3 a5 28. Rae1 h5 29.
Re5 Kh7 30. b4 axb4 31. axb4 Rf4 32. Rxh5+ gxh5 33. Qxf6 Rxf6 34. bxc5 bxc5 35. Kg1
Ba6 36. Bxa6 Rxa6 37. Re5 Rc6 38. Rxh5+ Kg6 39. Rd5 c4 40. Kf2 c3 41. Rd1 Kf5 42.
Ke3 Kg4 43. Rc1 f5 44. Kd3 f4 45. Rxc3 Rxc3+ 46. Kxc3 f3 47. gxf3+ Kxf3 48. h4 Kg4
49. h5 Kxh5  1/2-1/2

[Event "28. Offene Internationale Bayerische Schachmeisterschaft"]
[Site "Gmund am Tegernsee"]
[Date "2025.11.04"]
[Round "4"]
[Board "15"]
[White "Malinowsky, Levi"]
[Black "Sasikiran, Krishnan"]
[Result "0-1"]
[WhiteElo "2341"]
[BlackElo "2535"]
[PlyCount "0"]
[EventDate "2025.11.01"]
[EventRounds "9"]
[EventCountry "GER"]

1. e4 c6 2. Nc3 d5 3. Nf3 Bg4 4. h3 Bxf3 5. Qxf3 e6 6. Be2 Nf6 7. O-O d4 8. Nd1 Nbd7
9. d3 Bd6 10. g3 h6 11. h4 Rg8 12. c3 Bc5 13. b4 Bb6 14. cxd4 Bxd4 15. Rb1 a5 16.
b5 c5 17. Ne3 Ne5 18. Qg2 g5 19. hxg5 hxg5 20. Nc2 Rc8 21. Nxd4 cxd4 22. Rb2 Nfd7
23. f4 Rxc1 24. Rxc1 gxf4 25. Rbc2 Nb6 26. g4 f3 27. Bxf3 Nxd3 28. Rf1 Ne5 29. Rc5
Nbd7 30. Rcc1 Nf6 31. Rc5 Nexg4 32. Rfc1 Ne5 33. Rxe5 Rxg2+ 34. Kxg2 d3 35. Rec5
d2 36. Rh1 Qd4 37. Rc7 Nd7 38. Rxb7 Kf8 39. b6 Nxb6 40. Rb8+ Kg7 41. e5 Nc4 42. Rbb1
Ne3+ 43. Kg3 Qxe5+ 44. Kf2 Qf4 45. Rhg1+ Kf8  0-1

[Event "28. Offene Internationale Bayerische Schachmeisterschaft"]
[Site "Gmund am Tegernsee"]
[Date "2025.11.04"]
[Round "4"]
[Board "16"]
[White "Vingris, Mikelis"]
[Black "Vrolijk, Liam"]
[Result "0-1"]
[WhiteElo "2329"]
[BlackElo "2521"]
[PlyCount "0"]
[EventDate "2025.11.01"]
[EventRounds "9"]
[EventCountry "GER"]

1. e4 c5 2. Nf3 d6 3. d4 cxd4 4. Nxd4 Nf6 5. Nc3 a6 6. Bc4 e6 7. Be3 Be7 8. Bb3 Nc6
9. Qe2 Na5 10. O-O-O Qc7 11. g4 b5 12. g5 Nxb3+ 13. axb3 Nd7 14. Rhe1 Bb7 15. Qg4
Rc8 16. Rd2 b4 17. Na4 Nc5 18. g6 hxg6 19. Nxc5 Rh4 20. Ndxe6 Qa5 21. Rd5 Qa1+ 22.
Kd2 Rxg4 23. Rxa1 Bxd5 24. exd5 dxc5 25. Nf4 Bd6 26. Ne2 Bxh2 27. c4 bxc3+ 28. bxc3
c4 29. bxc4 Rgxc4 30. f4 g5 31. fxg5 Be5 32. Ra3 a5 33. Kd3 a4 34. Nd4 Bd6 35. Ra1
Rxc3+ 36. Ke4 R8c4 37. Re1 Kd7 38. Rf1 Ke8 39. Re1 Kf8 40. Rf1 Bc5  0-1

[Event "28. Offene Internationale Bayerische Schachmeisterschaft"]
[Site "Gmund am Tegernsee"]
[Date "2025.11.04"]
[Round "4"]
[Board "17"]
[White "Ghazarian, Kirk"]
[Black "Felix, Raphael"]
[Result "1-0"]
[WhiteElo "2520"]
[BlackElo "2290"]
[PlyCount "0"]
[EventDate "2025.11.01"]
[EventRounds "9"]
[EventCountry "GER"]

1. e4 c5 2. Nf3 d6 3. d4 cxd4 4. Nxd4 Nf6 5. Nc3 a6 6. Bg5 Nbd7 7. a3 e6 8. Bc4 Nb6
9. Bb3 Be7 10. Qd2 Bd7 11. O-O-O O-O 12. f4 Rc8 13. Nde2 Rc6 14. h4 Ne8 15. Bxe7
Qxe7 16. g4 Nc4 17. Qd3 b5 18. g5 Rc5 19. Rhg1 f5 20. h5 fxe4 21. Nxe4 Rd5 22. Qc3
Rxd1+ 23. Rxd1 d5 24. Bxc4 bxc4 25. Qb4 Qxb4 26. axb4 Nc7 27. h6 Be8 28. hxg7 Kxg7
29. Nf6 Bg6 30. Nd4 h6 31. Re1 hxg5 32. fxg5 Rh8 33. c3 Kf7 34. Nd7 Kg7 35. Nc5 e5
36. Rxe5 Rh1+ 37. Kd2 Ne8 38. Re1 Rh2+ 39. Re2 Rh1 40. Nxa6 Nd6 41. Nc5 Ne4+ 42.
Nxe4 dxe4 43. b5 Rb1 44. Ke3 Bh5 45. Rh2 Bg6 46. b6 Re1+ 47. Re2  1-0

[Event "28. Offene Internationale Bayerische Schachmeisterschaft"]
[Site "Gmund am Tegernsee"]
[Date "2025.11.04"]
[Round "4"]
[Board "18"]
[White "Chanda, Sandipan"]
[Black "Nithin, Babu"]
[Result "1/2-1/2"]
[WhiteElo "2483"]
[BlackElo "2310"]
[PlyCount "0"]
[EventDate "2025.11.01"]
[EventRounds "9"]
[EventCountry "GER"]

1. d4 Nf6 2. Nf3 d5 3. Bf4 c5 4. e3 Nc6 5. Nbd2 Nh5 6. dxc5 Nxf4 7. exf4 g6 8. c3
Bh6 9. g3 O-O 10. Bg2 b6 11. Qa4 Bd7 12. Qb3 e6 13. cxb6 Rb8 14. O-O Rxb6 15. Qa3
Qb8 16. b3 Rc8 17. Rac1 a5 18. c4 Bf8 19. Qb2 a4 20. Ne5 Nxe5 21. Qxe5 axb3 22. axb3
dxc4 23. bxc4 Bc6 24. c5 Qxe5 25. fxe5 Rb4 26. Bxc6 Rxc6 27. Kg2 Rxc5 28. Rxc5 Bxc5
29. Rc1 Bd4 30. Rc4 Rxc4 31. Nxc4 h5 32. f4 Kg7 33. Kf3 Bg1 34. Kg2 Bd4 35. Kf3 Bg1
36. Kg2 Bd4 37. Kf3  1/2-1/2

[Event "28. Offene Internationale Bayerische Schachmeisterschaft"]
[Site "Gmund am Tegernsee"]
[Date "2025.11.04"]
[Round "4"]
[Board "19"]
[White "Rathanvel, V S"]
[Black "Warchol, Kamil"]
[Result "1-0"]
[WhiteElo "2483"]
[BlackElo "2282"]
[PlyCount "0"]
[EventDate "2025.11.01"]
[EventRounds "9"]
[EventCountry "GER"]

1. e4 c5 2. Nf3 e6 3. d4 cxd4 4. Nxd4 Nc6 5. Nc3 Qc7 6. Ncb5 Qb8 7. Bd3 Nf6 8. O-O
Be7 9. Re1 d6 10. c4 Bd7 11. b3 a6 12. Nxc6 bxc6 13. Nd4 e5 14. Nc2 O-O 15. Bb2 Be6
16. Ne3 Nd7 17. Qf3 Nc5 18. Bc2 a5 19. Nf5 Bxf5 20. exf5 Qb6 21. f6 Bxf6 22. Qf5
Rfe8 23. Qxh7+ Kf8 24. Rad1 Rad8 25. Ba3 Ke7 26. Qh3 Ne6 27. Bf5 c5 28. Bxe6 fxe6
29. f4 Rh8 30. Qe3 Rh5 31. Bb2 Kf8 32. fxe5 Bxe5 33. Bxe5 Rxe5 34. Qh3 Kf7 35. Qh7
Rf5 36. Rf1 Qb7 37. Rxf5+ exf5 38. Rf1 Qe7 39. Rxf5+ Ke8 40. Qg6+ Kd7 41. Rf7  1-0

[Event "28. Offene Internationale Bayerische Schachmeisterschaft"]
[Site "Gmund am Tegernsee"]
[Date "2025.11.04"]
[Round "4"]
[Board "20"]
[White "Engel, Bruno"]
[Black "Ioannidis, Evgenios"]
[Result "0-1"]
[WhiteElo "2274"]
[BlackElo "2479"]
[PlyCount "0"]
[EventDate "2025.11.01"]
[EventRounds "9"]
[EventCountry "GER"]

1. e4 e5 2. Nf3 Nc6 3. d4 exd4 4. Nxd4 Nf6 5. Nxc6 bxc6 6. Bd3 d5 7. exd5 cxd5 8.
O-O Be7 9. c4 d4 10. Bg5 O-O 11. Nd2 Bb7 12. Re1 a5 13. Nb3 Bb4 14. Re2 Ra6 15. c5
Qd5 16. f4 Re6 17. Bxf6 gxf6 18. Nd2 Rfe8 19. Rf2 Re1+ 20. Qxe1 Rxe1+ 21. Rxe1 Qxa2
22. Re8+ Kg7 23. Nf1 Qb3 24. Bc2 Qxb2 25. Rg8+ Kxg8 26. Bxh7+ Kxh7 27. Rxb2 Bd5 28.
Ng3 d3 29. Kf1 Bc3 30. Rb1 a4 31. Nf5 a3 32. Ne3 a2 33. Rd1 Bb3  0-1

[Event "28. Offene Internationale Bayerische Schachmeisterschaft"]
[Site "Gmund am Tegernsee"]
[Date "2025.11.04"]
[Round "4"]
[Board "21"]
[White "Zelbel, Patrick"]
[Black "Papadopoulos, Ioannis"]
[Result "1-0"]
[WhiteElo "2465"]
[BlackElo "2240"]
[PlyCount "0"]
[EventDate "2025.11.01"]
[EventRounds "9"]
[EventCountry "GER"]

1. Nf3 Nf6 2. c4 e6 3. b3 d5 4. Bb2 Be7 5. e3 O-O 6. Nc3 c5 7. cxd5 Nxd5 8. Qc2 Nc6
9. a3 Nxc3 10. Bxc3 b6 11. b4 cxb4 12. axb4 Bf6 13. b5 Bxc3 14. Qxc3 Na5 15. Be2
Bb7 16. O-O Rc8 17. Qb4 Qd5 18. d4 Qe4 19. Rfd1 Qc2 20. Bd3 Qc3 21. Qb1 Bxf3 22.
gxf3 g6 23. Rc1 Qd2 24. Rd1 Qc3 25. Ra2 Kg7 26. f4 h5 27. Be4 Rfd8 28. Kg2 Kh7 29.
Rg1 f5 30. Bc6 Nxc6 31. Rc1 Qb4 32. Rxa7+ Kg8 33. bxc6 Qxb1 34. Rxb1 Rxc6 35. Kh3
Rdc8 36. Kh4 Rc2 37. Rxb6 Rxf2 38. Rxe6 Rxh2+ 39. Kg5 Rg2+ 40. Kh6 h4 41. Rf6 g5
42. Rg7+ Kh8 43. Rfg6  1-0

[Event "28. Offene Internationale Bayerische Schachmeisterschaft"]
[Site "Gmund am Tegernsee"]
[Date "2025.11.04"]
[Round "4"]
[Board "22"]
[White "Leeb, Simon"]
[Black "Dahl, Christoph"]
[Result "1/2-1/2"]
[WhiteElo "2241"]
[BlackElo "2387"]
[PlyCount "0"]
[EventDate "2025.11.01"]
[EventRounds "9"]
[EventCountry "GER"]

1. d4 Nf6 2. Nf3 g6 3. g3 Bg7 4. Bg2 O-O 5. O-O d6 6. c4 Nbd7 7. Nc3 e5 8. d5 a6
9. Ne1 Rb8 10. a4 a5 11. Nd3 Ne8 12. e4 Nc5 13. f4 Nxd3 14. Qxd3 exf4 15. Bxf4 Nf6
16. c5 Ng4 17. Nb5 Bd7 18. cxd6 Bxb5 19. Qxb5 cxd6 20. Bh3 Bd4+ 21. Kh1 Nf2+ 22.
Kg2 Nxh3 23. Kxh3 Qc8+ 24. g4 h5 25. Qe2 Bxb2 26. Rab1 Be5 27. Bxe5 dxe5 28. Kg3
Qxg4+ 29. Qxg4 hxg4 30. Kxg4 Rfc8 31. Rfc1 Rxc1 32. Rxc1 Kg7 33. Rb1 b6 34. h4 f6
35. h5 Rc8 36. hxg6 Kxg6 37. d6 Rb8 38. Rc1 Rg8 39. Rc7 f5+ 40. Kf3 f4 41. d7 Rd8
42. Rc6+ Kf7 43. Rxb6 Rxd7 44. Kg4 Re7 45. Ra6 Rd7 46. Rxa5 Ke6 47. Ra6+ Rd6 48.
Ra8 Rd1 49. Ra6+ Kd7 50. Ra7+ Kc6 51. Ra6+ Kc5 52. Ra5+ Kd6 53. Ra6+ Kc5  1/2-1/2

[Event "28. Offene Internationale Bayerische Schachmeisterschaft"]
[Site "Gmund am Tegernsee"]
[Date "2025.11.04"]
[Round "4"]
[Board "23"]
[White "Gaal, Zsoka"]
[Black "Delitzsch, Juergen"]
[Result "0-1"]
[WhiteElo "2383"]
[BlackElo "2144"]
[PlyCount "0"]
[EventDate "2025.11.01"]
[EventRounds "9"]
[EventCountry "GER"]

1. d4 Nf6 2. c4 g6 3. Nc3 Bg7 4. g3 O-O 5. Bg2 d6 6. e3 Nc6 7. Nge2 e5 8. h3 Bd7
9. O-O Re8 10. d5 Na5 11. b3 a6 12. a4 Rb8 13. e4 c5 14. Bd2 Nh5 15. Nc1 Rf8 16.
Kh2 b6 17. Ra2 Qe8 18. Bf3 Nf6 19. Nd3 h5 20. Bg2 h4 21. gxh4 Nh5 22. Bf3 Nf4 23.
Nxf4 exf4 24. Ne2 Be5 25. Rg1 Qe7 26. Rg5 Qf6 27. Bg4 Be8 28. Nc1 Qh8 29. Bh5 f6
30. Rxg6+ Bxg6 31. Bxg6 Qxh4 32. Qf3 Rb7 33. Bf5 Rg7 34. Bg4 f5 35. exf5 Qg5 36.
Ne2 Kh8 37. Rc2 Rf6 38. Be3 Rh6 39. Kg2 Qxf5 40. Bxc5 dxc5 41. Rd2 Qb1 42. d6 Rxg4+
43. Qxg4 Rg6 44. d7 Rxg4+ 45. hxg4 Nb7 46. d8=Q+ Nxd8 47. Rxd8+ Kg7 48. Rd7+ Kf8
49. Nc3 Qxb3 50. Nd5 Qxa4  0-1

[Event "28. Offene Internationale Bayerische Schachmeisterschaft"]
[Site "Gmund am Tegernsee"]
[Date "2025.11.04"]
[Round "4"]
[Board "24"]
[White "Litzka, Richard"]
[Black "Falkevall, Axel"]
[Result "1-0"]
[WhiteElo "2237"]
[BlackElo "2380"]
[PlyCount "0"]
[EventDate "2025.11.01"]
[EventRounds "9"]
[EventCountry "GER"]

1. Nf3 Nf6 2. c4 c5 3. b3 g6 4. Bb2 Bg7 5. g3 O-O 6. Bg2 d6 7. O-O e5 8. d3 Nc6 9.
Nc3 h6 10. Nd2 Be6 11. a3 d5 12. cxd5 Nxd5 13. Rc1 Nxc3 14. Rxc3 e4 15. Nxe4 Bxc3
16. Bxc3 f5 17. Nxc5 Qe7 18. Nxe6 Qxe6 19. d4 Rfd8 20. d5 Qf7 21. Qc1 Ne7 22. Qxh6
Qh7 23. Qd2 Nc8 24. e4 fxe4 25. Qg5 Nd6 26. Bh3 Nf7 27. Be6 Rf8 28. Qf6 a5 29. Bd4
Ra6 30. d6  1-0

[Event "28. Offene Internationale Bayerische Schachmeisterschaft"]
[Site "Gmund am Tegernsee"]
[Date "2025.11.04"]
[Round "4"]
[Board "25"]
[White "Bernhard, Sebastian"]
[Black "Celik, Ali Alper"]
[Result "0-1"]
[WhiteElo "1961"]
[BlackElo "2219"]
[PlyCount "0"]
[EventDate "2025.11.01"]
[EventRounds "9"]
[EventCountry "GER"]

1. e4 c5 2. Nf3 e6 3. d4 cxd4 4. Nxd4 a6 5. c4 Nf6 6. Nc3 Bb4 7. Bd3 Nc6 8. Nxc6
dxc6 9. O-O e5 10. a3 Bc5 11. b4 Bd4 12. Bb2 O-O 13. Qc2 Be6 14. c5 a5 15. Rfd1 Ng4
16. Rd2 axb4 17. axb4 Rxa1+ 18. Bxa1 Nxf2 19. Rxf2 Bxf2+ 20. Kxf2 Qh4+ 21. Kf1 Qxh2
22. Qf2 Rd8 23. Be2 Rd2 24. Ke1 Rd4 25. b5 Qh6 26. Bd1 cxb5  0-1

[Event "28. Offene Internationale Bayerische Schachmeisterschaft"]
[Site "Gmund am Tegernsee"]
[Date "2025.11.04"]
[Round "4"]
[Board "26"]
[White "Stoettner, Lukas"]
[Black "Roemhild, Marcus"]
[Result "1-0"]
[WhiteElo "2227"]
[BlackElo "1961"]
[PlyCount "0"]
[EventDate "2025.11.01"]
[EventRounds "9"]
[EventCountry "GER"]

1. e4 c5 2. Nf3 Nc6 3. d4 cxd4 4. Nxd4 Nf6 5. Nc3 g6 6. Nxc6 bxc6 7. e5 Ng8 8. Bc4
Bg7 9. Qf3 e6 10. Bf4 Ne7 11. Ne4 Qa5+ 12. b4 Qc7 13. Nd6+ Kf8 14. g4 Nd5 15. Bxd5
cxd5 16. Bg5 f5 17. exf6 Qxd6 18. fxg7+ Kxg7 19. Qf6+ Kg8 20. Bh6  1-0

[Event "28. Offene Internationale Bayerische Schachmeisterschaft"]
[Site "Gmund am Tegernsee"]
[Date "2025.11.04"]
[Round "4"]
[Board "27"]
[White "Wagner, Lukas"]
[Black "Ovsepyan, Arshak"]
[Result "1/2-1/2"]
[WhiteElo "1957"]
[BlackElo "2200"]
[PlyCount "0"]
[EventDate "2025.11.01"]
[EventRounds "9"]
[EventCountry "GER"]

1. d4 g6 2. c4 Bg7 3. Nf3 d6 4. Nc3 Bg4 5. g3 Bxf3 6. exf3 Nc6 7. Be3 Nf6 8. d5 Ne5
9. Be2 c5 10. f4 Ned7 11. Qd2 a6 12. h4 h5 13. O-O Qc7 14. a4 O-O 15. Qc2 Ng4 16.
Bxg4 hxg4 17. f5 Ne5 18. fxg6 fxg6 19. Ne4 Qd7 20. Ng5 Rf5 21. Ne6 Bf6 22. Kg2 Kf7
23. Bf4 Nf3 24. Rad1 Rh8 25. b3 Rfh5 26. Rh1 Qe8 27. Qe4 Kg8 28. Bg5 Ne5 29. Bf4
Nf3 30. Bg5 Ne5 31. Bf4 Nf3  1/2-1/2

[Event "28. Offene Internationale Bayerische Schachmeisterschaft"]
[Site "Gmund am Tegernsee"]
[Date "2025.11.04"]
[Round "4"]
[Board "28"]
[White "Sakkal, Cherin"]
[Black "Nasta, Kiren Vivek"]
[Result "0-1"]
[WhiteElo "1921"]
[BlackElo "2197"]
[PlyCount "0"]
[EventDate "2025.11.01"]
[EventRounds "9"]
[EventCountry "GER"]

1. e4 e5 2. Nf3 Nc6 3. Bb5 a6 4. Ba4 Nf6 5. O-O b5 6. Bb3 Bc5 7. c3 d6 8. Re1 O-O
9. h3 Bb7 10. d4 Bb6 11. a4 h6 12. axb5 axb5 13. Rxa8 Qxa8 14. d5 Na5 15. Bc2 c6
16. dxc6 Bxc6 17. Qxd6 Nc4 18. Qd3 Nh5 19. Nh4 Rd8 20. Qf3 Qa7 21. Nf5 Nf4 22. Bxf4
exf4 23. Qg4 Bxf2+ 24. Kh1 g6 25. Re2 Be3 26. Nxh6+ Kf8 27. Qh4 Qe7 28. Qe1 Bxe4
29. Bxe4 Qxe4 30. Ng4 f3 31. gxf3 Qxf3+ 32. Kh2 Bf4+ 33. Kg1 Qxh3 34. Rg2 Ne3  0-1

[Event "28. Offene Internationale Bayerische Schachmeisterschaft"]
[Site "Gmund am Tegernsee"]
[Date "2025.11.04"]
[Round "4"]
[Board "29"]
[White "Merdian, Nick"]
[Black "Gallas, Noel"]
[Result "0-1"]
[WhiteElo "1904"]
[BlackElo "2184"]
[PlyCount "0"]
[EventDate "2025.11.01"]
[EventRounds "9"]
[EventCountry "GER"]

1. d4 Nf6 2. c4 e6 3. Nc3 Bb4 4. Qc2 O-O 5. a3 Bxc3+ 6. Qxc3 b5 7. cxb5 c6 8. bxc6
Nxc6 9. Bg5 Bb7 10. e3 Rc8 11. Qd2 Na5 12. Bxf6 gxf6 13. Rc1 Qb6 14. Rc3 Rxc3 15.
bxc3 Qb1+ 16. Qd1 Qb2 17. Bd3 Qxc3+ 18. Kf1 Rc8 19. Ne2 Qxa3 20. f3 Nc4 21. Bxc4
Rxc4 22. Kf2 Qa2 23. Kg3 Rc2 24. Qb1 Rxe2 25. Qxb7 Rxg2+ 26. Kf4 Qc2 27. Qe4 Qc7+
 0-1

[Event "28. Offene Internationale Bayerische Schachmeisterschaft"]
[Site "Gmund am Tegernsee"]
[Date "2025.11.04"]
[Round "4"]
[Board "30"]
[White "Saad, Gabriel"]
[Black "Gass, Ulrich"]
[Result "1-0"]
[WhiteElo "2199"]
[BlackElo "1895"]
[PlyCount "0"]
[EventDate "2025.11.01"]
[EventRounds "9"]
[EventCountry "GER"]

1. e4 g6 2. d4 Bg7 3. Nc3 d6 4. Be3 a6 5. Qd2 b5 6. O-O-O c6 7. Kb1 Nd7 8. h4 Ngf6
9. f3 h5 10. Nh3 Qa5 11. Ng5 Nb6 12. e5 Nfd5 13. Nxd5 Qxd2 14. Nc7+ Kd7 15. Rxd2
Kxc7 16. Nxf7 Rf8 17. exd6+ exd6 18. Ng5 Nd5 19. Bf2 Bh6 20. Rd1 Bxg5 21. hxg5 Bf5
22. Kc1 Rae8 23. Kd2 Re7 24. Re1 Rxe1 25. Bxe1 Nb4 26. c3 Nxa2 27. Bg3 b4 28. c4
Kd7 29. c5 dxc5 30. dxc5 a5 31. Bd6 Rf7 32. Bc4 Be6 33. Bd3 Bf5 34. Be2 b3 35. Re1
Nb4 36. Bc4 Rh7 37. Bxb3 Nd3 38. Ra1 Ke8 39. Rxa5 Rb7 40. Kc3 Ne1 41. Ra8+ Kd7 42.
Bf7 Nxg2 43. Be8+ Ke6 44. Bxc6 Rh7 45. Re8+ Kf7 46. Re7+ Bc2  1-0

[Event "28. Offene Internationale Bayerische Schachmeisterschaft"]
[Site "Gmund am Tegernsee"]
[Date "2025.11.04"]
[Round "4"]
[Board "31"]
[White "Wunderlich, Elias"]
[Black "Bantleon, Nils"]
[Result "1-0"]
[WhiteElo "2184"]
[BlackElo "1872"]
[PlyCount "0"]
[EventDate "2025.11.01"]
[EventRounds "9"]
[EventCountry "GER"]

1. e4 c5 2. c3 d5 3. exd5 Qxd5 4. d4 Nc6 5. Nf3 Bg4 6. dxc5 Qxc5 7. Be3 Qh5 8. Nbd2
Nf6 9. Qb3 Na5 10. Bb5+ Bd7 11. Bxd7+ Nxd7 12. Qa4 Nc6 13. Ne4 Qf5 14. Ng3 Nc5 15.
Qxc6+  1-0

[Event "28. Offene Internationale Bayerische Schachmeisterschaft"]
[Site "Gmund am Tegernsee"]
[Date "2025.11.04"]
[Round "4"]
[Board "32"]
[White "Cordes, Hans-Joerg"]
[Black "Bleicher, Eiko"]
[Result "1-0"]
[WhiteElo "2180"]
[BlackElo "1847"]
[PlyCount "0"]
[EventDate "2025.11.01"]
[EventRounds "9"]
[EventCountry "GER"]

1. d4 d5 2. Nf3 Nf6 3. e3 e6 4. Bd3 c5 5. b3 Nc6 6. O-O Bd6 7. Bb2 O-O 8. Nbd2 Re8
9. Ne5 Qc7 10. f4 cxd4 11. exd4 Nb4 12. Bb5 Bd7 13. Nxd7 Nxd7 14. a3 Nc6 15. f5 Bxh2+
16. Kh1 Bf4 17. Bd3 e5 18. dxe5 Bxe5 19. Bxe5 Qxe5 20. Qg4 Nf6 21. Qh4 Qd4 22. Qxd4
Nxd4 23. Rf4 Nc6 24. b4 a6 25. Rd1 b5 26. Kg1 Nd7 27. Kf1 f6 28. Be2 Nb6 29. Kf2
Na4 30. Bh5 Nc3 31. Rh1 Re5 32. Rh3 Na4 33. Nb3 Rd8 34. Bf3 a5 35. bxa5 Ra8 36. Rh1
Nxa5 37. Rd1 Nxb3 38. Bxd5+ Rxd5 39. Rxd5 Nbc5 40. Rb4 Ra5 41. Ke3 g6 42. g4 Kg7
43. Kd4 h5 44. gxh5 gxh5 45. Rb1 Kf7 46. Rh1 Ra7 47. Rxh5 Kg7 48. Rxc5 Nxc5 49. Kxc5
Rxa3 50. Kxb5 Rc3 51. Rh2 Rf3 52. c4 Rxf5+ 53. c5 Rf1 54. Rc2 Rb1+ 55. Ka6 Rb8 56.
c6 f5 57. c7 Rf8 58. c8=Q Rxc8 59. Rxc8 Kf6 60. Kb5 Ke5 61. Kc4 Ke4 62. Re8 Kf3 63.
Kd4  1-0

[Event "28. Offene Internationale Bayerische Schachmeisterschaft"]
[Site "Gmund am Tegernsee"]
[Date "2025.11.04"]
[Round "4"]
[Board "33"]
[White "Wang, Simon"]
[Black "Loew, Gerald"]
[Result "1/2-1/2"]
[WhiteElo "1824"]
[BlackElo "2180"]
[PlyCount "0"]
[EventDate "2025.11.01"]
[EventRounds "9"]
[EventCountry "GER"]

1. c4 e6 2. g3 d5 3. Bg2 Nf6 4. Nf3 dxc4 5. Qa4+ Bd7 6. Qxc4 c5 7. Ne5 Qc8 8. O-O
Nc6 9. Nxd7 Qxd7 10. b3 Rc8 11. Bb2 Be7 12. Rd1 O-O 13. Nc3 Rfd8 14. Ne4 Nd4 15.
Nxf6+ Bxf6 16. Bxd4 Bxd4 17. Rac1 g6  1/2-1/2

[Event "28. Offene Internationale Bayerische Schachmeisterschaft"]
[Site "Gmund am Tegernsee"]
[Date "2025.11.04"]
[Round "4"]
[Board "34"]
[White "Turel, Tugrul"]
[Black "Nigmatov, Ortik"]
[Result "0-1"]
[WhiteElo "2180"]
[BlackElo "2493"]
[PlyCount "0"]
[EventDate "2025.11.01"]
[EventRounds "9"]
[EventCountry "GER"]

1. e4 c5 2. Nf3 e6 3. c4 Nc6 4. Nc3 Nd4 5. Ne2 Nxf3+ 6. gxf3 b6 7. d4 cxd4 8. Nxd4
Bb7 9. Be2 Nf6 10. Bf4 Nh5 11. Bd2 Qh4 12. Qc1 Be7 13. Qc3 O-O 14. O-O-O Bf6 15.
Qe3 Be5 16. Kb1 Bf4 17. Qc3 Qxf2 18. Rhg1 g6 19. Rdf1 Qh4 20. Nb5 a6 21. Na3 Qxh2
22. Bxf4 Qxf4 23. Rg4 Qh2 24. Bd3 Rac8 25. Qd4 Qc7 26. Rh1 e5 27. Qf2 Kh8 28. Qh4
Qd6 29. Bc2 Qf6 30. Qh3 d6 31. Bd3 Bc6 32. Rh4 Qg5 33. Nc2 b5 34. cxb5 Bxb5 35. Bxb5
axb5 36. Nb4 f5 37. a3 fxe4 38. fxe4 Rc7 39. Nd5 Rcf7 40. Ka2 Qd2 41. Qe6 Qd4 42.
Rc1 Rf2 43. Rc3 Rxb2+ 44. Kxb2 Rf2+  0-1

[Event "28. Offene Internationale Bayerische Schachmeisterschaft"]
[Site "Gmund am Tegernsee"]
[Date "2025.11.04"]
[Round "4"]
[Board "35"]
[White "Goldbeck, Lars"]
[Black "Serikbay, Assel"]
[Result "1/2-1/2"]
[WhiteElo "2415"]
[BlackElo "2174"]
[PlyCount "0"]
[EventDate "2025.11.01"]
[EventRounds "9"]
[EventCountry "GER"]

1. Nf3 c5 2. c4 Nc6 3. Nc3 Nf6 4. g3 d6 5. Bg2 g6 6. d4 cxd4 7. Nxd4 Bd7 8. O-O Bg7
9. Nc2 O-O 10. Bd2 Qc8 11. Rc1 Bh3 12. Ne3 h5 13. Ncd5 Bxg2 14. Kxg2 Ne4 15. b3 Nxd2
16. Qxd2 e6 17. Nc3 Nd4 18. f3 Rd8 19. Nc2 Nf5 20. e4 Bh6 21. f4 Ne7 22. Ne3 Qc6
23. Qd3 a6 24. h3 Rac8 25. Kh2 Bg7 26. f5 Bxc3 27. Rxc3 exf5 28. exf5 d5 29. fxg6
fxg6 30. c5 d4 31. Qc4+ Kh8 32. Rf7 dxe3 33. Rxe3 Rd2+ 34. Re2 Rxe2+ 35. Qxe2 Nf5
36. Qe5+ Kg8 37. Rf6 Re8 38. Rxc6 Rxe5 39. Rxg6+ Kf7 40. Rb6 Re7 41. g4 hxg4 42.
hxg4 Nd4 43. b4 Nc6 44. a4 Na7 45. b5 Nc8 46. Rh6 Kg7 47. Rh5 axb5 48. axb5 Na7 49.
c6 b6 50. Rd5 Kf6 51. Kg3 Ke6 52. Rd8 Nxb5 53. Rb8 Nd4 54. Rxb6 Rc7 55. Kf4 Nxc6
56. Rb5 Nd4 57. Re5+ Kd6 58. Re1 Rf7+ 59. Kg3 Rf3+ 60. Kg2 Rd3 61. g5 Ne6 62. Re4
Nxg5 63. Rg4 Ne6 64. Re4 Kd5 65. Re1 Nf4+ 66. Kf2 Kd4 67. Re8 Nd5 68. Re6 Ra3 69.
Re8 Nf6 70. Rf8 Ne4+ 71. Kg2 Rg3+ 72. Kh2 Ke3 73. Ra8 Rg7 74. Kh3 Nd6 75. Rf8 Ke4
76. Ra8 Nf5 77. Ra4+ Kf3 78. Ra3+ Ne3 79. Kh4 Kf4 80. Ra4+ Ke5 81. Ra5+ Nd5 82. Ra1
Nf6 83. Kh3 Rh7+ 84. Kg2 Ne4 85. Ra8 Rg7+ 86. Kf3 Rg3+ 87. Ke2 Nc5 88. Rc8 Ne6 89.
Kf2 Ra3  1/2-1/2